| 000 | 00388pab a2200157 454500 | ||
|---|---|---|---|
| 008 | 180718b2002 xxu||||| |||| 00| 0 eng d | ||
| 100 | _aAzad, Nirmal S. | ||
| 245 | _aDoha WTO conference and the Third World | ||
| 260 | _c2002 | ||
| 300 | _ap.5-7. | ||
| 362 | _a23 Feb | ||
| 650 | _aInternational trade | ||
| 650 | _aWorld Trade Organization | ||
| 773 | _aMainstream | ||
| 909 | _a51978 | ||
| 999 |
_c51978 _d51978 |
||